000 00314nam a22001337a 4500
008 170613b xxu||||| |||| 00| 0 eng d
020 _a0813310679
041 _aeng
080 _a32
100 _a19
101 _aSHP
245 _aTHE NATIONALITIES FACTOR POLITICS AND SOCIETY
_cHAJKDA.L
942 _2udc
_cBK
999 _c17176
_d17176